Top 10 Biggest Battles in WWII - Statistics

General Stats
  • This quiz has been taken 68 times
  • The average score is 5 of 10
Answer Stats
Rank Date Casualties Battle % Correct
1 July 17, 1942 - February 2, 1943 1,940,000 The Battle of Stalingrad
93%
6 April 16, 1945 - May 2, 1945 442,483 The Battle of Berlin
71%
10 December 16, 1944 - January 16, 1945 183,000 The Battle of the Bulge
68%
3 October 2, 1941 - January 7, 1942 1,029,234 The Battle of Moscow
54%
9 April 1, 1945 - June 22, 1945 221,000 The Battle of Okinawa
49%
5 June 6, 1945 - August 21, 1945 684,530 The Battle of Normandy
47%
2 July 5, 1943 - August 23, 1943 1,050,000 The Battle of Kursk
46%
4 July 7, 1941 - September 26, 1941 700,554 The Battle of Kiev
27%
8 May 12, 1942, May 28, 1942 300,000 The Second Battle of Kharkov
7%
7 January 9, 1945 - August 15, 1945 330,000 The Battle of Luzon
2%
No matching quizzes found
Score Distribution
Percent of People with Each Score
Percentile by Number Answered
Your Score History
You have not taken this quiz